Регионална библиотека "Любен Каравелов" - Русе

Школа за кларинет (Запис номер 349378)

MARC детайли
000 -Лидер
Контролно поле с фиксирана дължина 01233ncm a2200349 a 4500
003 - Код на организацията, давaща контролен номер
Контролно поле BLK
005 - Дата и час на последна редакция
Контролно поле 20230821165959.0
008 - Елементи от данни с фиксирана дължина
fixed length control field 200324b bu ||||| |||| 00| 0 bu d
040 ## - Източник на каталожния запис
Идентификатор на билиотеката - собственик на записа BLK
041 ## - Код за език
Код за езика на текст/звукозапис или на отделно заглавие Български
Код за езика КДБФ Български
080 ## - УДК
Текстов определител УДК Музика за духови инструменти
УДК код - определител по УДК 788
УДК - код + определител 788(075)
УДК определител (075)
100 ## - Редна дума - Автор
R(LIN) 389208
Автор Димитров, Сава
Авторска отговорност първи автор
139 ## - Редно поле
Редна дума Димитров, Сава
Авторски знак Дими - Д 58
245 ## - Сведения за заглавието
Заглавие Школа за кларинет
Подзаглавни данни Нотирана музика
Редно поле (дума) Сава Димитров ; ред. Здравко Манолов
260 ## - Област на издателските данни
9 (RLIN) 209430
Място на издаване, разпространение и проч. София
Име на издателя, разпространителя и проч. Музика
Година на издаване 1977
300 ## - Физическа характеристика
Страници 200 с.
Размери/Мащаб 34 см
Илюстрации и др. с ноти
380 ## - Жанр
Жанр Изкуство
500 ## - Общи забележки
Забележка 1 575 тир.
653 #7 - Ключова дума – ненормативна
9 (RLIN) 200852
Ключова дума школи
653 #7 - Ключова дума – ненормативна
9 (RLIN) 188643
Ключова дума кларинети
700 ## - Други автори (авторска отговорност)
9 (RLIN) 389208
Лично име Димитров, Сава
Автороска отговорност (Описва отношението между автора и произведението) първи автор
700 ## - Други автори (авторска отговорност)
9 (RLIN) 1311
Лично име Манолов, Здравко Христов
Автороска отговорност (Описва отношението между автора и произведението) ред.
852 ## - Местоположение
Форматна сигнатура Цб М ІІ 7344
Фондова буква Отдел Изкуство - подръчен фонд
999 ## - СИСТЕМНИ КОНТРОЛНИ НОМЕРА
Koha biblionumber 349378
Koha biblioitemnumber 349378
942 ## - АРТИКУЛИ
Вид на библиотечния материал Нотни издания
Скрит в OPAC Не
Периодичен библиозапис Да
Koha issues (borrowed), all copies 1
944 ## - СЪЗДАВАНЕ И РЕДАКЦИЯ на ЗАПИСА
Създаване/Редакция Създаване
Дата на регистрацията/редакция 2020-03-24
Статус, дата на статуса Русанова Ирена
Служител, извършил регистрацията/редакцията 30542
999 ## - СИСТЕМНИ КОНТРОЛНИ НОМЕРА
Koha biblioitemnumber 349378
999 ## - СИСТЕМНИ КОНТРОЛНИ НОМЕРА
Koha biblioitemnumber 349378
999 ## - СИСТЕМНИ КОНТРОЛНИ НОМЕРА
Koha biblioitemnumber 349378
999 ## - СИСТЕМНИ КОНТРОЛНИ НОМЕРА
Koha biblioitemnumber 349378
999 ## - СИСТЕМНИ КОНТРОЛНИ НОМЕРА
Koha biblioitemnumber 349378
999 ## - СИСТЕМНИ КОНТРОЛНИ НОМЕРА
Koha biblioitemnumber 349376
Наличности
Код за отписване Код за изгубен артикул Източник на класификационната схема Код за повреда Коз за рестрикции Код за отдаване Артикулен № Име на библиотеката - собственик Име на библиотеката, в която се намира в момента Статус (Текущо местоположение) Дата на вписване в системата Местоположение - отдел Цена в лева Инвентарен номер Систематично азбучна сигнатура Баркод Цена в евро Служебен тип на артикула
  Не е изгубен Universal Decimal Classification Не е повреден без рестрикции заемане за дома 756598 Регионална библиотека "Любен Каравелов" Русе Регионална библиотека "Любен Каравелов" Русе Отдел Изкуство - подръчен фонд 2020-03-24 Отдел Изкуство - подръчен фонд 3.15 248236 788/Д 58 С 120000248236 1.61 Нотни издания
  Не е изгубен Universal Decimal Classification Не е повреден само за читалня ползва се в читалня 779142 Регионална библиотека "Любен Каравелов" Русе Регионална библиотека "Любен Каравелов" Русе Хранилище 2020-06-26 Хранилище 3.15 234546 Цб М II 7344 900000023861 1.61 Нотни издания
Vip Innovations Ltd, Rousse, Bulgaria 2025